Relato general del Seminario sobre "Ciencia, Técnica, Sociedad y Desarrollo en Centroamérica"

Guardat en:
Dades bibliogràfiques
Format: Text
Etiquetes: Afegir etiqueta
Sense etiquetes, Sigues el primer a etiquetar aquest registre!

MARC

LEADER 00000 a a2200000 04500
001 14005
003
040
245 |a Relato general del Seminario sobre "Ciencia, Técnica, Sociedad y Desarrollo en Centroamérica"  
773 |g número 2; páginas 11-19  
999 |c 34354  |d 34354